| 000 | 00547nam a22001697a 4500 | ||
|---|---|---|---|
| 999 |
_c15019 _d15019 |
||
| 008 | 200205b ||||| |||| 00| 0 eng d | ||
| 020 | _a978-93-5269-125-8 | ||
| 082 |
_22019 _aDC 363.25 _bJ211 |
||
| 100 |
_aJakhar, Manoj _941682 |
||
| 245 |
_aCyber crime an introduction _cManoj Jakhar |
||
| 260 |
_aNew Delhi: _bRandom Publications, _c©2019. |
||
| 300 |
_aviii, 246 pages: _billustrations; _c24 cm. |
||
| 500 | _aIncludes bibliography and index. | ||
| 650 |
_aComputer security. _941683 |
||
| 651 |
_aComputer crimes. _941684 |
||
| 942 |
_2ddc _cDC |
||